Estudios asturianos (Record no. 39059)

MARC details
000 -LEADER
campo de control de longitud fija 00741nam a2200205 i 4500
001 - NÚMERO DE CONTROL
campo de control 39059
003 - IDENTIFICADOR DE NÚMERO DE CONTROL
campo de control ES-MaACL
005 - FECHA Y HORA DE LA ÚLTIMA TRANSACCIÓN
campo de control 20251014063105.0
007 - CAMPO FIJO DE DESCRIPCIÓN FÍSICA--INFORMACIÓN GENERAL
campo de control de longitud fija t|
008 - DATOS DE LONGITUD FIJA--INFORMACIÓN GENERAL
campo de control de longitud fija 030227s1886 sp ||||1| spa d
100 1# - ENTRADA PRINCIPAL--NOMBRE DE PERSONA
Nombre de persona Canella y Secades, Fermín,
Fechas asociadas al nombre 1849-1924
9 (RLIN) 34478
245 10 - MENCIÓN DEL TÍTULO
Título Estudios asturianos
Resto del título : (Cartafueyos d'Asturies) /
Mención de responsabilidad, etc. por Fermín Canella Secades.
260 ## - PUBLICACIÓN, DISTRIBUCIÓN, ETC.
Lugar de publicación, distribución, etc. Oviedo :
Nombre del editor, distribuidor, etc. [s.n].,
Fecha de publicación, distribución, etc. 1886 (
Fabricante Imp. Vicente Brid.)
300 ## - DESCRIPCIÓN FÍSICA
Extensión 286 p. ;
Dimensiones 22 cm.
530 ## - NOTA DISPONIBLE DE FORMULARIO FÍSICO ADICIONAL
Nota de formato físico adicional disponible Disponible en formato digital.
651 #4 - PUNTO DE ACCESO ADICIONAL DE MATERIA--NOMBRE GEOGRÁFICO
Nombre geográfico Asturias (Comunidad Autónoma)-
Subdivisión de forma Misceláneas.
9 (RLIN) 166854
852 ## - LOCALIZACIÓN
Ubicación ES-MaACL
Número de control de estantería G-9978
856 ## - LOCALIZACIÓN Y ACCESO ELECTRÓNICOS
Identificador Uniforme de Recursos <a href="http://bdh-rd.bne.es/viewer.vm?id=0000191005&page=1 ">http://bdh-rd.bne.es/viewer.vm?id=0000191005&page=1 </a>
Nota pública Biblioteca Digital Hispánica
Holdings
Estatus retirado Estado de pérdida Estado de daño No para préstamo Colección Biblioteca de origen Biblioteca actual Ubicación en estantería Fecha de adquisición Fuente de adquisición Total de préstamos Signatura topográfica completa Código de barras Visto por última vez Precio de reemplazo Tipo de ítem Koha
        Colección digital Biblioteca del Ateneo de Madrid Biblioteca del Ateneo de Madrid Sala Pecera Planta 3 17/01/2008     G-9978 1041133 23/02/2023 23/02/2023 Libro impreso antiguo